00389nam a22001337a 450000500170000000800410001702000180005805000130007610000260008924500640011525000120017926000440019130000200023520251028200415.0251028b |||||||| |||| 00| 0 eng d a9788125918769 aRT71 RAM aRam, Lily Pritam Telu aManual of Nursing Arts and ProcedurescLily Pritam Telu Ram a4th ed. aNew DelhibVikas Publishing Housec2006 axv. 304p.c22cm